000 00793nam a2200217Ia 4500
003 Ost
005 20260507075113.0
008 260507s9999||||xx |||||||||||||| ||und||
040 _cfsecg
041 _aara
082 _a500
100 _aالخواجة، مصطفى عبد المنعم
_eمؤلف
245 0 _aمبادئ الرياضيات للتجاريين /
_c مصطفى عبد المنعم الخواجة
260 _aالاسكندرية:
_b[دون ناشر],
_c1998
300 _a399 صفحة؛
_bإيضاحات ؛
_c25 سم
504 _aببليوغرافيا:ص.399
520 _aالرياضة البحتة،الرياضة المالية
653 _aالرياضيات
700 _aلبيبة، حسب النبي العطار
_eمؤلف ثانوي
942 _cكتاب
999 _c42939
_d42939